Korama (Record no. 116393)

MARC details
000 -LEADER
fixed length control field 00610nam a2200217Ia 4500
003 - CONTROL NUMBER IDENTIFIER
control field OSt
005 - DATE AND TIME OF LATEST TRANSACTION
control field 20251105125239.0
008 - FIXED-LENGTH DATA ELEMENTS--GENERAL INFORMATION
fixed length control field 210210b2008 xxu||||| |||| 00| 0 eng d
020 ## - INTERNATIONAL STANDARD BOOK NUMBER
International Standard Book Number 8177132202
040 ## - CATALOGING SOURCE
Transcribing agency AL
041 ## - LANGUAGE CODE
Language code of text/sound track or separate title Kannada
082 ## - DEWEY DECIMAL CLASSIFICATION NUMBER
Classification number 305.895487K KANK
100 ## - MAIN ENTRY--PERSONAL NAME
Personal name KANNADA PUSTAKA PRADHIKARA
Dates associated with a name ಕನ್ನಡ ಪುಸ್ತಕ ಪ್ರಾಧಿಕಾರ
9 (RLIN) 244134
245 ## - TITLE STATEMENT
Title Korama
Remainder of title ಕೊರಮ
260 ## - PUBLICATION, DISTRIBUTION, ETC.
Place of publication, distribution, etc. Bengaluru
Name of publisher, distributor, etc. Kannada Pustaka Pradhikara
Date of publication, distribution, etc. 2008
300 ## - PHYSICAL DESCRIPTION
Extent xxx,198
650 ## - SUBJECT ADDED ENTRY--TOPICAL TERM
Topical term or geographic name entry element Korama
9 (RLIN) 244135
690 ## - LOCAL SUBJECT ADDED ENTRY--TOPICAL TERM (OCLC, RLIN)
Topical term or geographic name as entry element Social Groups
9 (RLIN) 244136
906 ## - LOCAL DATA ELEMENT F, LDF (RLIN)
a 064397
942 ## - ADDED ENTRY ELEMENTS (KOHA)
Source of classification or shelving scheme Dewey Decimal Classification
Koha item type Book
Holdings
Withdrawn status Lost status Source of classification or shelving scheme Damaged status Not for loan Collection code Home library Current library Shelving location Date acquired Source of acquisition Cost, normal purchase price Total Checkouts Full call number Barcode Date last seen Price effective from Koha item type
    Dewey Decimal Classification     Sociology St Aloysius Library St Aloysius Library   02/17/2021 Kannada Pustaka Pradikara, Bengaluru-560002 85.00   305.895487K KANK 064397 02/17/2021 02/17/2021 Book